Statistics for Walking across American Borders: from French Guiana to Canada, with a map

Click here to take the quiz!

General Stats

  • This quiz has been taken 243 times
  • The average score is 21 of 23

Answer Stats

Country % Correct
French Guiana
99%
Suriname
98%
Venezuela
97%
Guyana
96%
United States
92%
Brazil
92%
Colombia
91%
Panama
91%
Mexico
91%
Canada
91%
Ecuador
91%
Peru
91%
Paraguay
91%
Argentina
91%
Uruguay
91%
Chile
91%
Bolivia
91%
Belize
90%
Honduras
90%
Nicaragua
90%
Guatemala
90%
Costa Rica
90%
El Salvador
89%

Score Distribution

Percentile by Number Answered

Percent of People with Each Score

Your Score History

You have not taken this quiz